| 000 | 01605cam a2200265 i 4500 | ||
|---|---|---|---|
| 001 | 1023602166 | ||
| 003 | OCoLC | ||
| 005 | 20250122111522.0 | ||
| 008 | 180606t20182018miu e b 001 0 eng c | ||
| 020 |
_a9780802875679 _q(pbk.) |
||
| 020 |
_a080287567X _q(pbk.) |
||
| 035 | _a(OCoLC)1023602166 | ||
| 040 |
_aPUL _beng _erda _cPUL _dOCLCF _dRC0 _dUKMGB _dPTS _dWIO _dDLC _dB@L |
||
| 082 |
_a223.7 _bPEM 1 |
||
| 092 |
_a223.7 _bP394L |
||
| 100 | 1 |
_aPemberton, Glenn, _eauthor |
|
| 245 | 1 | 2 |
_aA life that is good : _bthe message of Proverbs in a world wanting wisdom / _cGlenn Pemberton |
| 264 | 1 |
_aGrand Rapids, Michigan : _bWilliam B. Eerdmans Publishing Company, _c2018 |
|
| 264 | 4 | _c©2018 | |
| 300 |
_axviii, 236 pages ; _c23 cm |
||
| 504 | _aIncludes bibliographical references (pages 221-222) and indexes | ||
| 520 | _aSomewhere out there is the "good life," and we're all scrambling to get it. Glenn Pemberton maintains in this book that we find the so-called good life not in good things but in living well -- and the biblical book of Proverbs teaches us how to live that life. Though based on solid biblical scholarship, A Life That Is Good is not a textbook, commentary, or comprehensive study. It is instead a readable, practical guide to the wisdom found in the ancient book of Proverbs -- wisdom on everyday living, speech, relationships, justice, money, and much more. Pastors and church groups in particular will love and benefit from this relevant guide regarding the message of Proverbs for today's world | ||
| 630 | 0 | 0 |
_aBible. _pProverbs _xCriticism, interpretation, etc |
| 942 |
_2ddc _cBK _n0 |
||
| 999 |
_c10566 _d10566 |
||